<?xml version="1.0" encoding="UTF-8"?>
<record
    xmlns:xsi="http://www.w3.org/2001/XMLSchema-instance"
    xsi:schemaLocation="http://www.loc.gov/MARC21/slim http://www.loc.gov/standards/marcxml/schema/MARC21slim.xsd"
    xmlns="http://www.loc.gov/MARC21/slim">

  <leader>01775nam a22002177a 4500</leader>
  <controlfield tag="005">20240314111506.0</controlfield>
  <controlfield tag="008">240314b           ||||| |||| 00| 0 eng d</controlfield>
  <datafield tag="020" ind1=" " ind2=" ">
    <subfield code="a">9781138207981</subfield>
  </datafield>
  <datafield tag="040" ind1=" " ind2=" ">
    <subfield code="c">AL</subfield>
  </datafield>
  <datafield tag="041" ind1=" " ind2=" ">
    <subfield code="a">eng</subfield>
  </datafield>
  <datafield tag="082" ind1=" " ind2=" ">
    <subfield code="2">23</subfield>
    <subfield code="a">338.4</subfield>
    <subfield code="b">PHEH</subfield>
  </datafield>
  <datafield tag="100" ind1=" " ind2=" ">
    <subfield code="a">Charles E Phelps</subfield>
    <subfield code="9">154217</subfield>
  </datafield>
  <datafield tag="245" ind1=" " ind2=" ">
    <subfield code="a">Health economics</subfield>
  </datafield>
  <datafield tag="250" ind1=" " ind2=" ">
    <subfield code="a">6th ed.</subfield>
  </datafield>
  <datafield tag="260" ind1=" " ind2=" ">
    <subfield code="a">New York</subfield>
    <subfield code="b">Routledge</subfield>
    <subfield code="c">2018</subfield>
  </datafield>
  <datafield tag="300" ind1=" " ind2=" ">
    <subfield code="a">xvi,508p.</subfield>
    <subfield code="b">HB</subfield>
    <subfield code="c">25x19cm.</subfield>
  </datafield>
  <datafield tag="365" ind1=" " ind2=" ">
    <subfield code="2">General</subfield>
    <subfield code="a">VBI-2056</subfield>
    <subfield code="b">&#x20B9;13224.00</subfield>
    <subfield code="c">&#x20B9;</subfield>
    <subfield code="d">&#x20B9;17632.00</subfield>
    <subfield code="e">25%</subfield>
    <subfield code="f">26-02-2024</subfield>
  </datafield>
  <datafield tag="520" ind1=" " ind2=" ">
    <subfield code="a">Can we really use economic thinking to understand our health care system? Health Economics, now in its sixth edition, not only shows how this is done, but also provides the tools to analyze the economic behavior of patients and providers in health care markets. Health Economics combines current economic theory, recent research, and up-to-date empirical studies into a comprehensive overview of the field. Key changes to this edition include additional discussion of the consequences of the Patient Protection and Affordable Care Act (PPACA), in light of current political changes extensive discussion of quality measures;
more discussion of preventive services; a new section on drug markets and regulation; discussion of Accountable Care Organizations (ACOs); new references, problem sets, and an updated companion website with lecture slides. Designed for use in upper-division undergraduate economics studies, the book is suitable for students and lecturers in health economics, microeconomics, public health policy and practice, and health and society. It is also accessible to professional students in programs such as public policy, public health, business, and law.

</subfield>
  </datafield>
  <datafield tag="650" ind1=" " ind2=" ">
    <subfield code="2">Production</subfield>
    <subfield code="a">Health Economics</subfield>
    <subfield code="9">154218</subfield>
  </datafield>
  <datafield tag="942" ind1=" " ind2=" ">
    <subfield code="2">ddc</subfield>
    <subfield code="c">BK</subfield>
  </datafield>
  <datafield tag="999" ind1=" " ind2=" ">
    <subfield code="c">230306</subfield>
    <subfield code="d">230306</subfield>
  </datafield>
  <datafield tag="952" ind1=" " ind2=" ">
    <subfield code="0">0</subfield>
    <subfield code="1">0</subfield>
    <subfield code="2">ddc</subfield>
    <subfield code="4">0</subfield>
    <subfield code="7">3</subfield>
    <subfield code="8">ECO</subfield>
    <subfield code="a">SACPG</subfield>
    <subfield code="b">SACPG</subfield>
    <subfield code="d">2024-03-13</subfield>
    <subfield code="e">Vidyarthi Books</subfield>
    <subfield code="g">13224.00</subfield>
    <subfield code="l">0</subfield>
    <subfield code="o">338.4 PHEH</subfield>
    <subfield code="p">PG024712</subfield>
    <subfield code="r">2024-03-14 00:00:00</subfield>
    <subfield code="v">17632.00</subfield>
    <subfield code="w">2024-03-14</subfield>
    <subfield code="y">BK</subfield>
  </datafield>
</record>
